000 00370nam a2200145Ia 4500
005 20251222141936.0
008 251222s9999||||xx |||||||||||||| ||spa||
020 _a9.7899724547e+012
082 _a340.1/H94/2018
100 _aHundskopf E., Oswaldo
245 0 _aDerecho Comercial:
250 _a1ra. ed.
264 _bFondo Editorial Universidad de Lima
942 _cLIB
999 _c9212
_d9212